Gramática del diseño arquitectónico / (Record no. 37671)
[ view plain ]
| 000 -CABECERA | |
|---|---|
| campo de control de longitud fija | 00640nam a2200169 a 4500 |
| 001 - NÚMERO DE CONTROL | |
| campo de control | 000038181 |
| 005 - FECHA Y HORA DE LA ÚLTIMA TRANSACCIÓN | |
| campo de control | 20201002031204.0 |
| 008 - DATOS DE LONGITUD FIJA--INFORMACIÓN GENERAL | |
| campo de control de longitud fija | 130320s2007 dr a 000 0 spa d |
| 040 ## - FUENTE DE LA CATALOGACIÓN | |
| Centro catalogador/agencia de origen | DO-SdBNP |
| Lengua de catalogación | spa |
| Centro/agencia transcriptor | BNPHU |
| 100 1# - ENTRADA PRINCIPAL--NOMBRE DE PERSONA | |
| Nombre de persona | Rozas Aristy, Eduardo |
| Fechas asociadas al nombre | 1942- |
| 9 (RLIN) | 64553 |
| 245 10 - MENCIÓN DE TÍTULO | |
| Título | Gramática del diseño arquitectónico / |
| Mención de responsabilidad, etc. | Eduardo Rozas Aristy ; prólogo Leopoldo A. Espaillat N. |
| 260 ## - PUBLICACIÓN, DISTRIBUCIÓN, ETC. | |
| Lugar de publicación, distribución, etc. | Santo Domingo : |
| Nombre del editor, distribuidor, etc. | Editora Universitaria, |
| Fecha de publicación, distribución, etc. | 2007. |
| 300 ## - DESCRIPCIÓN FÍSICA | |
| Extensión | 217 p. : |
| Otras características físicas | ils. |
| 500 ## - NOTA GENERAL | |
| Nota general | Incluye datos biográficos del autor en la solapa de la contracubierta |
| 504 ## - NOTA DE BIBLIOGRAFÍA, ETC. | |
| Nota de bibliografía, etc. | Bibliografía : p. 219 |
| 700 1# - PUNTO DE ACCESO ADICIONAL--NOMBRE DE PERSONA | |
| Nombre de persona | Espaillat N., Leopoldo A, |
| Término indicativo de función/relación | pról. |
| 9 (RLIN) | 59658 |
| Estado de retiro | Estado de pérdida | No para préstamo | Código de colección | Localización permanente | Ubicación/localización actual | Ubicación en estantería | Fecha de adquisición | Número de inventario | Total de préstamos | Signatura topográfica completa | Código de barras | Fecha visto por última vez | Precio válido a partir de | Tipo de ítem Koha |
|---|---|---|---|---|---|---|---|---|---|---|---|---|---|---|
| Excluido de préstamo | Patrimonio Dominicano | Patrimonio Dominicano | Patrimonio Dominicano | En catalogación | 20.03.2013 | LF1 | 38181-10 | 25.06.2020 | 25.06.2020 | Libro y Folleto Colección Patrimonio Dominicano |
